| 000 | 01423nam0a2200289 4500 | ||
|---|---|---|---|
| 001 | RU\NLR\bibl\90326 | ||
| 005 | 20250617075228.0 | ||
| 021 |
_aRU _b2000-3251 _9162 |
||
| 035 | _a(NLR Aleph) 000088261 | ||
| 090 |
_a494198 _c494198 |
||
| 100 | _a20000606d1999 |||y0rusy50 ca | ||
| 101 | 0 | _arus | |
| 102 | _aRU | ||
| 105 | _aa ||||||||| | ||
| 200 | 1 |
_aАрхитектура и строительство. Наука, образование, технологии, рынок _eСекция "Создание высококачеств. строит. материалов и изделий, разраб. ресурсосберегающих, экологически безопас. технологий в строит. индустрии" _eТез. докл. науч.-техн. конф., 30 нояб. - 1 дек. 1999 г., г. Томск _f[Редкол.: А.И.Кудяков - отв. ред. и др.] |
|
| 210 |
_aТомск _cИзд-во ТГАСУ _d1999 |
||
| 215 |
_a112 с. _cсхем. _d20 |
||
| 320 | _aБиблиогр. в конце докл. | ||
| 606 | 0 |
_aСтроительные материалы _jСъезды, совещания и т.п. _9963668 _3RU\NLR\auth\6641382 |
|
| 686 | _aН3я431 | ||
| 702 | 1 |
_aКудяков _bА. И. _4340 |
|
| 801 | 0 |
_aRU _bNLR _c20000606 _gPSBO |
|
| 801 | 1 |
_aRU _bNLR _c20000606 |
|
| 852 |
_aNLR _j2000-3/4097 |
||
| 942 | _cBOOK | ||
| 980 | _aNB | ||